Entry Personal Name
Number of records used in: 2
001 - CONTROL NUMBER
003 - CONTROL NUMBER IDENTIFIER
005 - DATE AND TIME OF LATEST TRANSACTION
- control field:
20210720121845.0
008 - FIXED-LENGTH DATA ELEMENTS
- fixed length control field:
830330n| azannaabn |n aaa
010 ## - LIBRARY OF CONGRESS CONTROL NUMBER
- LC control number:
n 83056627
035 ## - SYSTEM CONTROL NUMBER
- System control number:
(OCoLC)oca00941740
040 ## - CATALOGING SOURCE
- Original cataloging agency:
DLC
- Language of cataloging:
eng
- Description conventions:
rda
- Transcribing agency:
DLC
- Modifying agency:
DNLM
- Modifying agency:
TxSmTSU
046 ## - SPECIAL CODED DATES
- Birth date:
1946-08-08
- Source of date scheme:
edtf
100 1# - HEADING--PERSONAL NAME
- Personal name:
Hall, John E.
- Fuller form of name:
(John Edward),
- Dates associated with a name:
1946-
370 ## - ASSOCIATED PLACE
- Associated country:
United States
- Other associated place:
Jackson (Miss.)
- Source of term:
naf
372 ## - FIELD OF ACTIVITY
- Field of activity:
Physiology
- Field of activity:
Metabolism--Disorders
- Field of activity:
Obesity
- Field of activity:
Cardiovascular system--Diseases
- Field of activity:
Hypertension
- Field of activity:
Kidneys--Diseases
- Source of term:
lcsh
373 ## - ASSOCIATED GROUP
- Associated group:
University of Mississippi. Medical Center
- Source of term:
naf
- Start period:
1974
373 ## - ASSOCIATED GROUP
- Associated group:
Michigan State University
- Source of term:
naf
- Start period:
1970
- End period:
1974
373 ## - ASSOCIATED GROUP
- Associated group:
Army Engineer Center and Fort Belvoir
- Source of term:
naf
- Start period:
1968
- End period:
1970
373 ## - ASSOCIATED GROUP
- Associated group:
Kent State University
- Source of term:
naf
- Start period:
1964
- End period:
1968
374 ## - OCCUPATION
- Occupation:
Physicians
- Occupation:
Physiologists
- Source of term:
lcsh
375 ## - GENDER
- Gender:
Males
- Source of term:
lcdgt
377 ## - ASSOCIATED LANGUAGE
378 ## - FULLER FORM OF PERSONAL NAME
- Fuller form of personal name:
John Edward
670 ## - SOURCE DATA FOUND
- Source citation:
Cardiovascular physiology IV, c1982 (a.e.)
- Information found:
t.p. (John E. Hall, Ph.D.; Dept. of Physiology and Biophysics, Univ. of Miss. Medical Center)
670 ## - SOURCE DATA FOUND
- Source citation:
Phone call to author, 3/25/83
- Information found:
(John Edward Hall; b. 8/8/46)
670 ## - SOURCE DATA FOUND
- Source citation:
University of Mississippi Medical Center website staff pages, 10 Nov. 2015:
- Information found:
general page (John E. Hall, PhD, Arthur C. Guyton Professor & Chair, Director, Mississippi Center for Obesity Research; Areas of expertise: General: Cardiovascular, renal and endocrine physiology) biographical sketch (EDUCATION: Kent State University; B.S. 1964-68; U.S. Army, Engineering School, Ft. Belvoir, VA; 1968-70; Michigan State University, Ph.D. 1970-74; University of Mississippi Medical Center Postdoc 1974-76)
- Uniform Resource Identifier:
https://www.umc.edu/Education/Schools/Medicine/Basic_Science/Physiology_and_Biophysics/John_E__Hall,_PhD.aspx